[Event "Euskadi-chT (Vasca) Div Honor"]
[Site "Bergara"]
[Date "2018.02.24"]
[Round "7.1"]
[White "Llano Olabarrieta, Joseba"]
[Black "Tornay Gomez, Josu"]
[Result "1-0"]
[WhiteElo "2150"]
[BlackElo "2092"]
[PlyCount "109"]
[EventDate "2018.01.13"]
[EventType "team-tourn"]
[EventRounds "9"]
[EventCountry "ESP"]
[SourceTitle "EXT 2020"]
[Source "ChessBase"]
[SourceDate "2019.10.17"]
[SourceVersion "1"]
[SourceVersionDate "2019.10.17"]
[SourceQuality "1"]
[WhiteTeam "Altzaga/Zaldunak"]
[BlackTeam "Arrasate/Arlutz"]
[WhiteTeamCountry "ESP"]
[BlackTeamCountry "ESP"]

1. e4 c5 2. Nf3 Nc6 3. Bb5 g6 4. Bxc6 bxc6 5. 0-0 Bg7 6. c3 Nf6 7. e5 Nd5 8. d4 cxd4 9. c4 Nc7 10. Qxd4 0-0 11. Qh4 f6 12. Bh6 Ne6 13. Bxg7 Kxg7 14. Nc3 g5 15. Qe4 f5 16. Qe3 h6 17. Nd4 Nf4 18. Rad1 Qe8 19. Rfe1 Bb7 20. Nde2 Ng6 21. Qd4 c5 22. Qxc5 Nh4 23. e6 d6 24. Qd4+ Kh7 25. Nd5 f4 26. f3 Nf5 27. Qd3 Bxd5 28. cxd5 Kg7 29. Nd4 Ne3 30. Rc1 Rc8 31. Nc6 Rc7 32. Rc3 Qg6 33. Qxg6+ Kxg6 34. Ne5+ dxe5 35. Rxc7 Nxd5 36. Rxa7 Kf6 37. a4 Rb8 38. Rd1 Ne3 39. Rb1 e4 40. a5 exf3 41. gxf3 h5 42. a6 Rb6 43. b4 g4 44. b5 gxf3 45. Kf2 Ke5 46. Rd7 Ng4+ 47. Kxf3 Rb8 48. a7 Ra8 49. b6 Rg8 50. Re1+ Kf6 51. b7 Nxh2+ 52. Ke4 f3 53. b8Q Rg4+ 54. Kd5 Rg5+ 55. Re5 1-0

[Event "Euskadi-chT (Vasca) Div Honor"]
[Site "Bergara"]
[Date "2018.02.03"]
[Round "4.2"]
[White "Llano Olabarrieta, Joseba"]
[Black "Garbisu de Goni, Unai"]
[Result "0-1"]
[WhiteElo "2150"]
[BlackElo "2411"]
[PlyCount "80"]
[EventDate "2018.01.13"]
[EventType "team-tourn"]
[EventRounds "9"]
[EventCountry "ESP"]
[SourceTitle "EXT 2020"]
[Source "ChessBase"]
[SourceDate "2019.10.17"]
[SourceVersion "1"]
[SourceVersionDate "2019.10.17"]
[SourceQuality "1"]
[WhiteTeam "Altzaga/Zaldunak"]
[BlackTeam "Orvina"]
[WhiteTeamCountry "ESP"]
[BlackTeamCountry "ESP"]

1. e4 e5 2. Nf3 Nc6 3. Nc3 Nf6 4. Bb5 Nd4 5. Nxd4 exd4 6. e5 dxc3 7. exf6 Qxf6 8. dxc3 c6 9. Bd3 d5 10. 0-0 Bd6 11. Qh5 h6 12. Re1+ Kf8 13. Be3 Be6 14. Bd4 Qg5 15. Qxg5 hxg5 16. Be5 Be7 17. h3 Rh6 18. Re3 Re8 19. Rae1 a6 20. Rf3 c5 21. Bf5 Bxf5 22. Rxf5 Re6 23. Re3 g6 24. Rff3 Bd8 25. Bg3 f5 26. Rxe6 Rxe6 27. Re3 Rb6 28. b3 f4 29. Rf3 Rf6 30. Bh2 Bc7 31. Kf1 c4 32. g3 Kg7 33. Kg2 Kh6 34. Kf1 Be5 35. Kg2 Kh5 36. gxf4 gxf4 37. h4 Kg4 38. b4 Re6 39. a4 Bd6 40. a5 Re2 0-1

[Event "Getxo op 2nd"]
[Site "Getxo"]
[Date "2017.09.09"]
[Round "1"]
[White "Llano Olabarrieta, Joseba"]
[Black "Fernandez Villanueva, Javier"]
[Result "1-0"]
[WhiteElo "2099"]
[BlackElo "1603"]
[PlyCount "61"]
[EventDate "2017.09.09"]
[EventType "swiss"]
[EventRounds "9"]
[EventCountry "ESP"]
[SourceTitle "CBM 180 Extra"]
[Source "ChessBase"]
[SourceDate "2017.10.06"]
[SourceVersion "1"]
[SourceVersionDate "2017.10.06"]
[SourceQuality "1"]

1. e4 c5 2. Nf3 Nc6 3. Bb5 g6 4. Bxc6 bxc6 5. 0-0 Bg7 6. c3 e6 7. d4 cxd4 8. cxd4 Ne7 9. Nc3 0-0 10. Bg5 f6 11. Be3 d5 12. Rc1 Bd7 13. Qd2 g5 14. Rfd1 Ng6 15. Ne1 h6 16. Nd3 f5 17. exf5 exf5 18. f4 gxf4 19. Nxf4 Nxf4 20. Bxf4 Qh4 21. Na4 Rae8 22. Nc5 Bc8 23. Rc3 Rf6 24. Rg3 Kh7 25. Nd3 Re4 26. Rh3 Qg4 27. Be5 Rg6 28. Rg3 Qe2 29. Rxg6 Kxg6 30. Nf4+ Rxf4 31. Qxe2 1-0

[Event "Abu Dhabi op 24th"]
[Site "Abu Dhabi"]
[Date "2017.08.14"]
[Round "1"]
[White "Llano Olabarrieta, Joseba"]
[Black "Fernandez Borrego, Pablo"]
[Result "0-1"]
[WhiteElo "2135"]
[BlackElo "2427"]
[PlyCount "84"]
[EventDate "2017.08.14"]
[EventType "swiss"]
[EventRounds "9"]
[EventCountry "UAE"]
[SourceTitle "CBM 180 Extra"]
[Source "ChessBase"]
[SourceDate "2017.10.06"]
[SourceVersion "1"]
[SourceVersionDate "2017.10.06"]
[SourceQuality "1"]

1. e4 c5 2. Nf3 g6 3. d4 cxd4 4. Nxd4 Bg7 5. c4 Nc6 6. Be3 Nf6 7. Nc3 0-0 8. Be2 d6 9. 0-0 Bd7 10. Nc2 Rc8 11. f3 Na5 12. Na3 a6 13. Rc1 Be6 14. b3 Nc6 15. Qd2 Qa5 16. Nc2 Ng4 17. b4 Qe5 18. fxg4 Qxc3 19. h3 Qxd2 20. Bxd2 Nd4 21. Nxd4 Bxd4+ 22. Kh1 Rc7 23. Bf4 Rfc8 24. Rfd1 Bb2 25. Rb1 Bg7 26. c5 Bxa2 27. Rbc1 Be5 28. Bxe5 dxe5 29. Kg1 f6 30. Kf2 Kf7 31. Ke3 Be6 32. Bc4 Bxc4 33. Rxc4 Ke6 34. Rc2 Rd7 35. Rcd2 Rcd8 36. Rxd7 Rxd7 37. Rb1 Rd4 38. b5 a5 39. c6 Kd6 40. Rc1 Kc7 41. cxb7+ Kxb7 42. Rc6 Rd6 0-1

[Event "Euskadi-chT (Vasca) Div Honor"]
[Site "Bergara"]
[Date "2017.01.28"]
[Round "3.2"]
[White "Llano Olabarrieta, Joseba"]
[Black "Nava Pereda, Carlos"]
[Result "1-0"]
[WhiteElo "2112"]
[BlackElo "2189"]
[PlyCount "91"]
[EventDate "2017.01.14"]
[EventType "team-tourn"]
[EventRounds "9"]
[EventCountry "ESP"]
[SourceTitle "EXT 2024"]
[Source "ChessBase"]
[SourceDate "2023.10.10"]
[SourceVersion "1"]
[SourceVersionDate "2023.10.10"]
[SourceQuality "1"]

1. e4 c5 2. Nf3 Nc6 3. Bb5 e5 4. c3 Bd6 5. d4 cxd4 6. 0-0 a6 7. Bxc6 dxc6 8. cxd4 Bg4 9. dxe5 Bxf3 10. Qxd6 Bxe4 11. Qb4 Bd5 12. Qg4 Ne7 13. Nc3 Qc8 14. Qg5 Qe6 15. Be3 h6 16. Nxd5 Nxd5 17. Qxg7 0-0-0 18. Qg3 Rhg8 19. Qf3 Rg4 20. Rfe1 Rdg8 21. g3 h5 22. Rad1 h4 23. Rd4 hxg3 24. hxg3 R4g7 25. Bf4 Rh7 26. Ree4 Qf5 27. Kf1 Rgh8 28. Ke2 Rh1 29. g4 Qe6 30. Bg3 Rb1 31. Rd2 Ne7 32. Red4 Nd5 33. Qf5 Rhh1 34. Qxe6+ fxe6 35. g5 Kd7 36. Rg4 Ke8 37. Kf3 Kf7 38. g6+ Kg7 39. Bh4 Rbg1 40. Rdd4 Rh3+ 41. Ke2 Rb1 42. Bf6+ Kg8 43. Rh4 Rxb2+ 44. Kf1 Rb1+ 45. Kg2 Rxh4 46. Rxh4 1-0

[Event "Getxo op 1st"]
[Site "Getxo"]
[Date "2016.09.11"]
[Round "2.1"]
[White "Llano Olabarrieta, Joseba"]
[Black "Santos Latasa, Jaime"]
[Result "0-1"]
[WhiteElo "2091"]
[BlackElo "2569"]
[PlyCount "88"]
[EventDate "2016.09.10"]
[EventType "swiss"]
[EventCountry "ESP"]
[SourceTitle "EXT 2024"]
[Source "ChessBase"]
[SourceDate "2023.10.10"]
[SourceVersion "1"]
[SourceVersionDate "2023.10.10"]
[SourceQuality "1"]

1. e4 c5 2. Nf3 d6 3. Bb5+ Nd7 4. d4 cxd4 5. Qxd4 a6 6. Bxd7+ Bxd7 7. Nc3 Rc8 8. Bg5 h6 9. Bh4 e5 10. Qd3 g5 11. Bg3 Nf6 12. 0-0-0 Qa5 13. Nd2 Be6 14. Nb3 Qb4 15. Rhe1 Qc4 16. Qxc4 Rxc4 17. Nd2 Rc6 18. Nf1 Be7 19. f3 Bd8 20. Re3 Ba5 21. Nd5 Bxd5 22. exd5 Rc7 23. Rxe5+ dxe5 24. Bxe5 0-0 25. Bxf6 Kh7 26. Ne3 Kg6 27. Bd4 Rd7 28. g4 Bc7 29. Nf5 Re8 30. c4 Re2 31. h4 gxh4 32. Nxh4+ Kg5 33. Nf5 Bf4+ 34. Kb1 h5 35. Bb6 hxg4 36. fxg4 Kxg4 37. Nd4 Rg2 38. b4 Be3 39. Rd3 Bf4 40. b5 axb5 41. Nxb5 Re7 42. Nc3 Re1+ 43. Nd1 Bd2 44. Kc2 Be3+ 0-1

[Event "Barcelona Sants op 17th"]
[Site "Barcelona"]
[Date "2015.08.27"]
[Round "7"]
[White "Llano Olabarrieta, Joseba"]
[Black "Garcia Trobat, Francisco"]
[Result "0-1"]
[WhiteElo "2058"]
[BlackElo "2273"]
[PlyCount "72"]
[EventDate "2015.08.21"]
[EventType "swiss"]
[EventRounds "10"]
[EventCountry "ESP"]
[SourceTitle "EXT 2016"]
[Source "ChessBase"]
[SourceDate "2015.10.08"]
[SourceVersion "1"]
[SourceVersionDate "2015.10.08"]
[SourceQuality "1"]

1. d4 Nf6 2. Bf4 e6 3. e3 b6 4. h3 Bb7 5. Nf3 Be7 6. Bd3 0-0 7. 0-0 d6 8. Nbd2 Nbd7 9. Bg3 Re8 10. c3 Nh5 11. Bh2 g6 12. a4 a6 13. Qb3 Bf8 14. Rad1 e5 15. e4 Nf4 16. Bc4 Qf6 17. Rfe1 c6 18. dxe5 dxe5 19. Bg3 h6 20. Nh2 b5 21. axb5 axb5 22. Ng4 Qe7 23. Bf1 Nc5 24. Qc2 Bc8 25. Ne3 Be6 26. Bxf4 exf4 27. Nd5 cxd5 28. exd5 Bf5 29. Rxe7 Bxc2 30. Rxe8 Rxe8 31. Bxb5 Rb8 32. Rc1 Rxb5 33. Rxc2 Nd3 34. c4 Rxb2 35. Rxb2 Nxb2 36. Kf1 Bb4 0-1

[Event "Euskadi-chT (Vasca) Div 1st"]
[Site "Bergara"]
[Date "2015.01.10"]
[Round "1.1"]
[White "Llano Olabarrieta, Joseba"]
[Black "Sanchez Ruesga, Carlos"]
[Result "1-0"]
[WhiteElo "1958"]
[BlackElo "1842"]
[PlyCount "47"]
[EventDate "2015.01.10"]
[EventType "team-tourn"]
[EventRounds "9"]
[EventCountry "ESP"]
[SourceTitle "EXT 2024"]
[Source "ChessBase"]
[SourceDate "2023.10.10"]
[SourceVersion "1"]
[SourceVersionDate "2023.10.10"]
[SourceQuality "1"]

1. e4 c5 2. Nf3 Nc6 3. d4 cxd4 4. Nxd4 Qb6 5. Nb3 Nf6 6. Nc3 e6 7. Be3 Qc7 8. f4 Bb4 9. Bd3 0-0 10. 0-0 Bxc3 11. bxc3 d6 12. Qe2 b6 13. Rae1 Bb7 14. Bd2 e5 15. f5 d5 16. exd5 Nxd5 17. f6 g6 18. Qe4 Qd6 19. Qh4 Rfe8 20. Be4 Nc7 21. Re3 Bc8 22. Qh6 Qf8 23. Qxf8+ Rxf8 24. Bxc6 1-0

[Event "Erandio op 21st"]
[Site "Erandio"]
[Date "2012.12.27"]
[Round "5"]
[White "Llano Olabarrieta, Joseba"]
[Black "Saez Gabikagogeaskoa, Oscar"]
[Result "1/2-1/2"]
[WhiteElo "1757"]
[BlackElo "1974"]
[PlyCount "75"]
[EventDate "2012.12.22"]
[EventType "swiss"]
[EventRounds "9"]
[EventCountry "ESP"]
[SourceTitle "CBM 152 Extra"]
[Source "ChessBase"]
[SourceDate "2013.02.25"]
[SourceVersion "1"]
[SourceVersionDate "2013.02.25"]
[SourceQuality "1"]

1. e4 c5 2. Nf3 Nc6 3. d4 cxd4 4. Nxd4 e5 5. Nb5 a6 6. Nd6+ Bxd6 7. Qxd6 Qf6 8. Qd2 Qg6 9. f3 Nge7 10. c4 0-0 11. Bd3 Nd4 12. Nc3 d6 13. 0-0 f5 14. Kh1 f4 15. b3 Qh5 16. Bb2 Rf6 17. Qf2 Rh6 18. Qg1 Bd7 19. Rad1 g5 20. Ne2 Nxe2 21. Bxe2 Bc6 22. Rfe1 b6 23. Ba3 Rd8 24. Rd2 Qh4 25. Red1 Nc8 26. c5 bxc5 27. Bxc5 g4 28. fxg4 Bxe4 29. Bf2 Qh3 30. Rd3 Bxg2+ 31. Qxg2 Qxg2+ 32. Kxg2 e4 33. Rc3 f3+ 34. Bxf3 exf3+ 35. Rxf3 Re8 36. Rd5 Rhe6 37. Ra5 Re4 38. h3 1/2-1/2

[Event "Erandio op 21st"]
[Site "Erandio"]
[Date "2012.12.26"]
[Round "4"]
[White "Llano Olabarrieta, Joseba"]
[Black "Ruiz Marana, Alejandro"]
[Result "1/2-1/2"]
[WhiteElo "1757"]
[BlackElo "2206"]
[PlyCount "131"]
[EventDate "2012.12.22"]
[EventType "swiss"]
[EventRounds "9"]
[EventCountry "ESP"]
[SourceTitle "CBM 152 Extra"]
[Source "ChessBase"]
[SourceDate "2013.02.25"]
[SourceVersion "1"]
[SourceVersionDate "2013.02.25"]
[SourceQuality "1"]

1. e4 c6 2. d4 g6 3. Nc3 Bg7 4. Nf3 d5 5. h3 Nf6 6. Bd3 dxe4 7. Nxe4 Nxe4 8. Bxe4 Bf5 9. Bxf5 Qa5+ 10. c3 Qxf5 11. 0-0 0-0 12. Re1 e6 13. Qb3 b6 14. Ne5 Rc8 15. Re3 Rf8 16. Rf3 Qe4 17. Bd2 Qd5 18. Qxd5 cxd5 19. Nd3 Nc6 20. Kf1 Rac8 21. Rc1 Na5 22. b3 Nc6 23. Bf4 a6 24. Ne5 Nxe5 25. Bxe5 f6 26. Bd6 Rfe8 27. Rd3 Rc6 28. Ba3 Rec8 29. Bb2 Kf7 30. Ke2 Bf8 31. Rcd1 b5 32. b4 a5 33. a3 Ra8 34. Rc1 Bh6 35. Rc2 axb4 36. axb4 Ra2 37. Kd1 Ke7 38. g3 Rca6 39. h4 Ra8 40. Re2 Kd6 41. f4 Bg7 42. Kc2 R2a7 43. Red2 h6 44. g4 Rh8 45. Re2 h5 46. g5 Rf8 47. Rde3 Re8 48. Kb3 Kd7 49. Rg2 f5 50. Rge2 Bf8 51. Re1 Bd6 52. Rf3 Rea8 53. Rff1 Ra6 54. Rd1 Ra4 55. Rde1 R8a6 56. Rd1 Rc6 57. Ra1 Rca6 58. Rad1 Bc7 59. Rde1 Ra8 60. Rd1 Rf8 61. Rde1 Ra6 62. Rd1 Kc8 63. Rde1 Kb7 64. Rd1 Rc6 65. Rde1 Ra6 66. Rd1 1/2-1/2